|
|
|
|
| LEADER |
00000nam0a2200000 4500 |
| 001 |
271500 |
| 005 |
20231101234437.0 |
| 020 |
|
|
|a RU
|b 87-29522
|
| 035 |
|
|
|a (RuTPU)RU\TPU\book\294682
|
| 090 |
|
|
|a 271500
|
| 100 |
|
|
|a 20141008d1986 m y0rusy5003 ca
|
| 101 |
0 |
|
|a rus
|
| 102 |
|
|
|a RU
|
| 105 |
|
|
|a a j 001zy
|
| 200 |
1 |
|
|a Химия кремнийорганических полимеров
|e учебное пособие
|f В. В. Киреев, В. Н. Таланов
|g Московский институт химического машиностроения
|
| 210 |
|
|
|a Москва
|c Изд-во МИХМ
|d 1986
|
| 215 |
|
|
|a 88 с.
|c ил.
|d 20 см
|
| 300 |
|
|
|a На обл. авт. не указаны
|
| 320 |
|
|
|a Библиогр.: с. 87 (7 назв.)
|
| 606 |
1 |
|
|a Полимеры элементоорганические
|2 stltpush
|3 (RuTPU)RU\TPU\subj\50390
|9 69072
|
| 610 |
1 |
|
|a кремнийорганические полимеры
|
| 610 |
1 |
|
|a синтез
|
| 610 |
1 |
|
|a свойства
|
| 610 |
1 |
|
|a реакции
|
| 610 |
1 |
|
|a молекулы
|
| 610 |
1 |
|
|a молекулярные цепи
|
| 610 |
1 |
|
|a характеристика
|
| 610 |
1 |
|
|a учебные пособия
|
| 675 |
|
|
|a 678.844(075.8)
|z rus
|v 3
|
| 700 |
|
1 |
|a Киреев
|b В. В.
|g Вячеслав Васильевич
|4 070
|
| 701 |
|
1 |
|a Таланов
|b В. Н.
|g Виталий Николаевич
|4 070
|
| 712 |
0 |
2 |
|a Московский институт химического машиностроения
|2 stltpush
|3 (RuTPU)RU\TPU\col\7881
|
| 801 |
|
0 |
|a RU
|b RuMRKP
|c 19950417
|g psbo
|
| 801 |
|
1 |
|a RU
|b 63413507
|c 20141008
|
| 801 |
|
2 |
|a RU
|b 63413507
|c 20170309
|g RCR
|
| 942 |
|
|
|c BK
|